[Event "SVR-op 33rd"]
[Site "Mendig"]
[Date "2010.04.02"]
[Round "6"]
[White "Nagel, Ralf"]
[Black "Vagner, Viktor"]
[Result "1/2-1/2"]
[WhiteElo "1630"]
[BlackElo "1800"]
[PlyCount "73"]
[EventDate "2010.03.27"]
[EventType "swiss"]
[EventRounds "7"]
[EventCountry "GER"]
[SourceTitle "EXT 2011"]
[Source "ChessBase"]
[SourceDate "2010.11.26"]
[SourceVersion "1"]
[SourceVersionDate "2010.11.26"]
[SourceQuality "1"]

1. Nf3 c5 2. g3 Nf6 3. Bg2 g6 4. d3 d5 5. 0-0 Bg7 6. Nbd2 Nc6 7. c3 0-0 8. e4 e5 9. Qc2 h6 10. a4 Be6 11. h3 Rc8 12. Re1 Qd7 13. Kh2 Nh7 14. Nh4 d4 15. c4 Nb4 16. Qb3 a6 17. a5 Rb8 18. Bf1 Ng5 19. f4 exf4 20. gxf4 Nh7 21. Ndf3 g5 22. f5 gxh4 23. fxe6 fxe6 24. Bg2 Rxf3 25. Bxf3 Qd6+ 26. e5 Bxe5+ 27. Kh1 Bf4 28. Qd1 Ng5 29. Bg4 Bxc1 30. Rxc1 Kh8 31. Qe2 Qg3 32. Rcd1 Nxh3 33. Rf1 Rg8 34. Qxe6 Qe3 35. Qf6+ Rg7 36. Qf8+ Rg8 37. Qf6+ 1/2-1/2

[Event "SVR-op 33rd"]
[Site "Mendig"]
[Date "2010.04.01"]
[Round "5"]
[White "Vagner, Viktor"]
[Black "Hoefer, Helmut"]
[Result "1-0"]
[WhiteElo "1800"]
[BlackElo "1562"]
[PlyCount "39"]
[EventDate "2010.03.27"]
[EventType "swiss"]
[EventRounds "7"]
[EventCountry "GER"]
[SourceTitle "EXT 2011"]
[Source "ChessBase"]
[SourceDate "2010.11.26"]
[SourceVersion "1"]
[SourceVersionDate "2010.11.26"]
[SourceQuality "1"]

1. e4 c5 2. d4 cxd4 3. c3 d6 4. cxd4 Qc7 5. Nc3 a6 6. Nf3 Nd7 7. Bd3 Ngf6 8. 0-0 b5 9. Re1 Bb7 10. e5 dxe5 11. dxe5 Nd5 12. e6 fxe6 13. Ng5 Nxc3 14. bxc3 Nc5 15. Qh5+ Kd7 16. Nxe6 Nxe6 17. Qf5 Ke8 18. Qxe6 Qc6 19. Qg4 Qxc3 20. Bg6+ 1-0